[Event "16th HZ Open"]
[Site "Vlissingen NED"]
[Date "2012.08.06"]
[Round "4"]
[White "Nyzhnyk,I"]
[Black "Afek,Y"]
[Result "1-0"]
[WhiteElo "2619"]
[BlackElo "2301"]

1.d4 Nf6 2.c4 g6 3.Nf3 Bg7 4.g3 O-O 5.Bg2 d6 6.O-O Nc6 7.Nc3 Rb8 8.b3 a6
9.Bb2 b5 10.cxb5 axb5 11.Rc1 Na5 12.d5 b4 13.Na4 Bb7 14.Ng5 Qd7 15.e4 h6
16.Nh3 c6 17.Re1 cxd5 18.exd5 Rfe8 19.Nf4 Rbc8 20.Qd2 Rxc1 21.Rxc1 g5 22.Bxf6 Bxf6
23.Nh5 Qb5 24.h4 Rc8 25.Rxc8+ Bxc8 26.hxg5 hxg5 27.Bf1 Qb7 28.Nxf6+ exf6
29.Qd4  1-0

[Event "FSGM August 2012"]
[Site "Budapest HUN"]
[Date "2012.08.08"]
[Round "5.4"]
[White "Varga,Zo"]
[Black "Akshayraj,K"]
[Result "1/2-1/2"]
[WhiteElo "2476"]
[BlackElo "2483"]

1.d4 Nf6 2.c4 g6 3.Nf3 Bg7 4.g3 O-O 5.Bg2 d6 6.O-O Nbd7 7.b3 e5 8.dxe5 Ng4
9.Bb2 Ngxe5 10.Nxe5 Nxe5 11.Nc3 Re8 12.Qd2 Rb8 13.Rad1 Bg4 14.h3 Be6 15.Kh2 a6  1/2-1/2

[Event "11th Braunau Open A"]
[Site "Ranshofen AUT"]
[Date "2012.08.08"]
[Round "6.6"]
[White "Dovzik,J"]
[Black "Netolitzky,G"]
[Result "1-0"]
[WhiteElo "2346"]
[BlackElo "2212"]

1.d4 Nf6 2.Nf3 g6 3.c4 d6 4.g3 Bg7 5.Bg2 O-O 6.O-O Nbd7 7.Nc3 e5 8.e4 h6
9.Re1 Nh7 10.Be3 Ng5 11.Nxg5 hxg5 12.d5 f5 13.f3 g4 14.fxg4 f4 15.Bf2 a6
16.Rf1 g5 17.b4 Rf7 18.Rc1 Bf8 19.Nb1 Rh7 20.Nd2 Qf6 21.h3 Qh6 22.Re1 a5
23.a3 axb4 24.axb4 Ra3 25.Ra1 Rxa1 26.Qxa1 Nf6 27.Qd1 b6 28.Nf1 Ba6 29.Qd3 Bc8
30.Nh2 Rf7 31.Ra1 Rh7 32.Ra8 Bd7 33.c5 bxc5 34.bxc5 Be8 35.gxf4 exf4 36.Bd4 Re7
37.Nf1 Qg6 38.cxd6 cxd6 39.Nd2 Bg7 40.Qc3 Nd7 41.Bxg7 Rxg7 42.Nc4 Nc5 43.Nxd6 Qxd6
44.Rxe8+ Kf7 45.Rc8  1-0

[Event "Miguel Najdorf Open A"]
[Site "Warsaw POL"]
[Date "2012.08.09"]
[Round "5.21"]
[White "Krasiewicz,R"]
[Black "Nowicki,B"]
[Result "0-1"]
[WhiteElo "2037"]
[BlackElo "2158"]

1.d4 Nf6 2.c4 g6 3.g3 Bg7 4.Bg2 O-O 5.Nf3 d6 6.O-O Nbd7 7.Nc3 e5 8.h3 Re8
9.e4 c6 10.Bg5 h6 11.Be3 exd4 12.Nxd4 Nc5 13.Qc2 a5 14.Rfe1 Qc7 15.Rad1 a4
16.Kh2 Kh7 17.f4 Nfd7 18.Re2 Qa5 19.Nb1 Qa6 20.Bf2 Rb8 21.Nf3 Bf8 22.b4 axb3
23.axb3 b5 24.Nd4 bxc4 25.bxc4 Rb4 26.Rc1 Bb7 27.Re3 Qb6 28.Nd2 Rb2 29.Qd1 Bg7
30.Re2 Nd3 31.c5 Qd8 32.Nc4 Nxf2 33.Rxf2 Rxf2 34.Nxd6 Rb2 35.Nxe8 Qxe8 36.e5 Qa8
37.Rc2 Qa4 38.Qd2 Rxc2 39.Nxc2 Nxc5 40.Ne3 Bc8 41.Qd6 Ne4 42.Qd3 Nc5 43.Qd6 Ne6
44.Qxc6 Qxc6 45.Bxc6 Nd4 46.Bd5 Be6 47.Be4 Kg8 48.Kg2 Bd7 49.h4 Bc6 50.Bxc6 Nxc6
51.Kf3 Bf8 52.Nd5 Be7 53.Ke4 Bb4 54.h5 g5 55.fxg5 hxg5 56.Nxb4 Nxb4 57.Kf5 Nd3
58.g4 Kg7 59.Kxg5 Nxe5 60.h6+ Kf8 61.Kf5 Ng6 62.Kf6 Nh8 63.g5 Ng6 64.Kf5 Ke7
65.Kg4 Ke6 66.Kh5 Nf8 67.h7 Nxh7 68.g6 Nf6+ 69.Kg5 Ne4+ 70.Kf4 f5 71.g7 Nf6
72.Kg5 Ke5 73.Kh4 Ng8 74.Kg3 Ke4 75.Kf2 Kf4 76.Kf1 Kf3 77.Ke1 Kg2  0-1

[Event "2nd Riga Tech Open"]
[Site "Riga LAT"]
[Date "2012.08.11"]
[Round "8.7"]
[White "Gevorgyan,D"]
[Black "Fier,A"]
[Result "0-1"]
[WhiteElo "2457"]
[BlackElo "2582"]

1.d4 Nf6 2.c4 g6 3.Nf3 Bg7 4.g3 O-O 5.Bg2 d6 6.O-O Nc6 7.Nc3 Rb8 8.Qd3 e5
9.d5 Nb4 10.Qd2 a5 11.b3 c6 12.Bb2 cxd5 13.cxd5 b5 14.Ne1 Na6 15.Nd3 b4 16.Nd1 Nd7
17.Ne3 Ndc5 18.Nxc5 Nxc5 19.Rac1 Re8 20.Rc2 Ba6 21.Nc4 a4 22.bxa4 Nxa4 23.Ba1 Re7
24.Rfc1 Rc7 25.Nxe5 Bxe5 26.Bxe5 Rxc2 27.Qxc2 Rc8 28.Qd1 Rxc1 29.Qxc1 dxe5
30.Qc6 Nb6 31.Bf3 Bc4 32.Qc5 Bxd5 33.Qxb4 Bxa2 34.Qb2 Be6 35.Qxe5 Qd1+ 36.Kg2 Nc4
37.Qb8+ Kg7 38.Qb4 Qa1 39.h4 h5 40.Qc5 Nd2 41.Bxh5 Bf5 42.Bf3 Qf1+ 43.Kh2 Nxf3+  0-1

[Event "2nd Split Open 2012"]
[Site "Split CRO"]
[Date "2012.08.11"]
[Round "1.43"]
[White "Thiel,K"]
[Black "Bacetic,Marin"]
[Result "1-0"]
[WhiteElo "2215"]
[BlackElo "1811"]

1.Nf3 Nf6 2.c4 g6 3.g3 Bg7 4.Bg2 d6 5.d4 O-O 6.O-O Nbd7 7.Qc2 e5 8.Rd1 Qe7
9.Nc3 c6 10.b3 e4 11.Ng5 d5 12.cxd5 cxd5 13.Nb5 Ne8 14.Nh3 Nc5 15.Ba3 b6
16.Nc3 Bxd4 17.Rxd4  1-0

[Event "2nd Split Open 2012"]
[Site "Split CRO"]
[Date "2012.08.12"]
[Round "2.13"]
[White "Gagarin,V"]
[Black "Jelcic,Marko"]
[Result "1/2-1/2"]
[WhiteElo "2372"]
[BlackElo "2140"]

1.d4 Nf6 2.c4 g6 3.Nf3 Bg7 4.g3 d6 5.Bg2 O-O 6.O-O Nbd7 7.Nc3 c6 8.e4 e5
9.h3 Qb6 10.b3 exd4 11.Na4 Qa5 12.Nxd4 Nc5 13.Nxc5 dxc5 14.Ne2 Re8 15.Bd2 Qd8
16.Re1 Nd7 17.Rb1 Nf8 18.Be3 Ne6 19.Qxd8  1/2-1/2

[Event "Stare Mesto Open 2012"]
[Site "Stare Mesto CZE"]
[Date "2012.08.12"]
[Round "3.6"]
[White "Svoboda,V2"]
[Black "Kozel,Ji"]
[Result "1-0"]
[WhiteElo "2364"]
[BlackElo "2024"]

1.d4 Nf6 2.c4 g6 3.Nf3 Bg7 4.g3 d6 5.Bg2 O-O 6.O-O a6 7.Nc3 Nc6 8.Qd3 Bf5
9.e4 Bg4 10.d5 Bxf3 11.Qxf3 Nd4 12.Qd1 c5 13.dxc6 Nxc6 14.Be3 Rc8 15.Rc1 Qa5
16.Qe2 Ne5 17.b3 b5 18.Nd5 Nxd5 19.cxd5 Nd7 20.Bh3 Rxc1 21.Rxc1 Nf6 22.Qc2 Qb4
23.Bg2 Ng4 24.Bd2 Qa3 25.h3 Ne5 26.Bg5 f6 27.Be3 f5 28.exf5 Rxf5 29.Qc8+ Rf8
30.Qe6+ Kh8 31.Rc2 Qb4 32.Qxe7 Nd3 33.Bd2  1-0

[Event "25th Panevezys Open"]
[Site "Panevezys LTU"]
[Date "2012.08.13"]
[Round "1.12"]
[White "Andriyanov,Ivan"]
[Black "Aleksandravicius,D"]
[Result "1-0"]
[WhiteElo "1960"]
[BlackElo "1736"]

1.d4 Nf6 2.c4 g6 3.g3 Bg7 4.Bg2 O-O 5.Nf3 d6 6.O-O Nc6 7.Nc3 a6 8.b3 Rb8
9.Nd5 e6 10.Nxf6+ Bxf6 11.e4 e5 12.d5 Ne7 13.Be3 Bg7 14.Nd2 f5 15.f3 h6 16.Rc1 b6
17.b4 g5 18.c5 bxc5 19.bxc5 f4 20.Bf2 fxg3 21.hxg3 Ng6 22.cxd6 cxd6 23.Rc6 Ne7
24.Rc3 Rb2 25.Nc4 Rb8 26.Qa4 Rb5 27.Qa3 Rf6 28.Rfc1 Rg6 29.Nb6 Rxb6 30.Qa5 g4
31.Qxb6 Qf8 32.Qb8 Kh7 33.Rxc8 Nxc8 34.Qxc8 Qf6 35.fxg4 Qg5 36.Rc6 Qd2 37.Qf5  1-0

[Event "Husek Vienna Open A"]
[Site "Vienna AUT"]
[Date "2012.08.15"]
[Round "3"]
[White "Horvath,Jo1"]
[Black "Zoldan,M"]
[Result "1-0"]
[WhiteElo "2536"]
[BlackElo "2191"]

1.d4 Nf6 2.c4 g6 3.Nf3 Bg7 4.g3 O-O 5.Bg2 d6 6.Nc3 Nc6 7.d5 Na5 8.b3 c5 9.Bb2 a6
10.O-O Rb8 11.Nd2 b5 12.Qc2 bxc4 13.bxc4 e6 14.Rab1 Qc7 15.Nce4 Rxb2 16.Nxf6+ Bxf6
17.Rxb2 Bxb2 18.Qxb2 exd5 19.Bxd5 Bf5 20.g4 Rb8 21.Qc3 Bxg4 22.Ne4 h5 23.Rd1 Nc6
24.Nf6+ Kf8 25.Bxc6 Bxe2 26.Nd5  1-0

[Event "25th Panevezys Open"]
[Site "Panevezys LTU"]
[Date "2012.08.17"]
[Round "7.2"]
[White "Andriyanov,Ivan"]
[Black "Paulauskaite,G"]
[Result "1-0"]
[WhiteElo "1960"]
[BlackElo "2053"]

1.d4 Nf6 2.c4 g6 3.g3 Bg7 4.Bg2 O-O 5.Nf3 d6 6.O-O Nc6 7.Nc3 Bf5 8.b3 Qd7
9.Bb2 Bh3 10.e4 Bxg2 11.Kxg2 e6 12.Qe2 d5 13.e5 Ng4 14.cxd5 exd5 15.Qb5 Qf5
16.Nxd5 Qc2 17.Ba3 Rfd8 18.Qc4 Qe4 19.Nc3 Qc2 20.Nd5 Qe4 21.Ne7+ Nxe7 22.Bxe7 b5
23.Qc3 Rd7 24.Rfe1 Qb7 25.Bc5 Rad8 26.Kg1 Rd5 27.Ng5 h6 28.Nxf7 Kxf7 29.Qf3+ Kg8
30.Qxg4 Kh7 31.e6 Qc6 32.e7 Re8 33.Re6 Rg5 34.Rxc6 Rxg4 35.Rd1 a5 36.Rxc7 Re4
37.d5 Be5 38.d6  1-0

[Event "LBV Open A 2012"]
[Site "Roosendaal NED"]
[Date "2012.08.17"]
[Round "3.9"]
[White "Swinkels,R"]
[Black "Arp,F"]
[Result "1-0"]
[WhiteElo "2482"]
[BlackElo "2091"]

1.d4 Nf6 2.c4 g6 3.g3 Bg7 4.Bg2 O-O 5.Nf3 d6 6.Nc3 Nbd7 7.O-O e5 8.e4 Nh5
9.Bg5 f6 10.Be3 c6 11.Qe2 Qe8 12.Rad1 f5 13.exf5 gxf5 14.dxe5 dxe5 15.Rfe1 e4
16.Bd4 Bxd4 17.Nxd4 Ne5 18.f4 Ng4 19.c5 Qf7 20.Bf1 Kh8 21.Qg2 Bd7 22.Qh3 Nhf6
23.Qh4 Rad8 24.h3 Rg8 25.b3 Nd5 26.Nxd5 cxd5 27.hxg4 Qf8 28.gxf5 Bxf5 29.Re3 Bg4
30.Rd2 Qg7 31.Bh3 Bf3 32.Nxf3 Qxg3+ 33.Rg2  1-0

[Event "2nd Isthmia Open A"]
[Site "Korinthia GRE"]
[Date "2012.08.18"]
[Round "1.12"]
[White "Grapsa,G"]
[Black "Antic,De"]
[Result "0-1"]
[WhiteElo "2044"]
[BlackElo "2506"]

1.d4 Nf6 2.Nf3 g6 3.c4 Bg7 4.g3 O-O 5.Bg2 d6 6.Nc3 c6 7.O-O Qa5 8.h3 e5 9.e4 Nbd7
10.Be3 Nb6 11.Qd3 exd4 12.Nxd4 Qa6 13.b3 d5 14.exd5 Nbxd5 15.Na4 Nxe3 16.Qxe3 Qa5
17.Rad1 Bd7 18.Nf3 Rae8 19.Qg5 Qxg5 20.Nxg5 Re2 21.Nc5 Bc8 22.Rfe1 Rxe1+
23.Rxe1 Rd8 24.Nce4 h6 25.Nxf6+ Bxf6 26.Ne4 Be7 27.Re2 Bb4 28.a3 Bxa3 29.Ra2 Bb4
30.Rxa7 Kg7 31.c5 Rd1+ 32.Kh2 Rd3 33.Ra8 Bf5 34.Rb8 Rd7 35.Nd6 Kf6 36.Bxc6 bxc6
37.Rxb4 Be6 38.Rb6 Bd5 39.g4 Ke5 40.Kg3 Kd4 41.b4 Ra7 42.Nb7 Ra3+ 43.Kh2 Rf3
44.Na5 Rxf2+ 45.Kg3 Rf3+ 46.Kh2 Rf6 47.Rb7 Rf2+ 48.Kg3 Rf3+ 49.Kh2 g5 50.Rd7 Rf2+
51.Kg1 Rg2+ 52.Kf1 Ke3 53.Nc4+ Kf3 54.Ne5+ Kg3 55.Ke1 Be4 56.Rxf7 Rb2 57.Rf6 Rxb4
58.Nxc6 Rc4 59.Ne7 Rxc5 60.Rxh6 Kf3 61.Rf6+ Ke3 62.Nf5+ Bxf5  0-1

[Event "25th Panevezys Open"]
[Site "Panevezys LTU"]
[Date "2012.08.18"]
[Round "8.1"]
[White "Andriyanov,Ivan"]
[Black "Marutkins,O"]
[Result "0-1"]
[WhiteElo "1960"]
[BlackElo "2021"]

1.d4 Nf6 2.c4 g6 3.g3 Bg7 4.Bg2 O-O 5.Nf3 d6 6.O-O Nc6 7.Nc3 a6 8.b3 Rb8
9.Nd5 Nh5 10.e3 e6 11.Nc3 b5 12.Nd2 Ne7 13.Bb2 Bd7 14.Qe2 f5 15.Rac1 h6 16.d5 e5
17.e4 f4 18.Nd1 Kh7 19.c5 Rf7 20.cxd6 cxd6 21.Ba3 Nc8 22.Bf3 Bh3 23.Re1 Qd7
24.Kh1 Bf8 25.Rc6 Rb6 26.Rxb6 Nxb6 27.Nb2 Ng7 28.Nd3 g5 29.gxf4 g4 30.Bg2 Bxg2+
31.Kxg2 exf4 32.f3 Nh5 33.Bb2 Bg7 34.e5 dxe5 35.Nxe5 gxf3+ 36.Ndxf3 Bxe5
37.Qxe5 Nf6 38.Qxf4 Nbxd5 39.Bxf6 Nxf4+  0-1

[Event "Husek Vienna Open A"]
[Site "Vienna AUT"]
[Date "2012.08.18"]
[Round "6"]
[White "Juhasz,Kr"]
[Black "Neuschmied,S"]
[Result "1-0"]
[WhiteElo "2377"]
[BlackElo "2239"]

1.d4 Nf6 2.c4 g6 3.Nf3 Bg7 4.g3 d6 5.Bg2 O-O 6.O-O Nbd7 7.Nc3 e5 8.e4 c6
9.h3 Qb6 10.Re1 exd4 11.Nxd4 Ne8 12.Nb3 a5 13.Be3 Qb4 14.Nd4 a4 15.a3 Qa5
16.Qc2 Ne5 17.Qe2 Nc7 18.f4 Nd7 19.Rad1 Nb6 20.Bf1 Re8 21.Qf2 Nd7 22.Nde2 Bf8
23.e5 dxe5 24.Rxd7 Bxd7 25.Bb6 Qa6 26.Bxc7 exf4 27.Nxf4 Rxe1 28.Qxe1 Qa7+
29.Kh2 b5 30.Be5 Re8 31.Ne4 Be7 32.Qc3 Bf5 33.Bh8 f6 34.Nxf6+ Kf7 35.Nxe8 Qf2+
36.Bg2 Bc5 37.Nd6+ Bxd6 38.Qf6+  1-0

[Event "32nd Bratto Masters"]
[Site "Bratto ITA"]
[Date "2012.08.19"]
[Round "2.4"]
[White "Arun Prasad,S"]
[Black "Qendro,L"]
[Result "0-1"]
[WhiteElo "2531"]
[BlackElo "2328"]

1.d4 g6 2.c4 Bg7 3.g3 d6 4.Bg2 Nf6 5.Nf3 O-O 6.Nc3 Nbd7 7.O-O e5 8.h3 exd4
9.Nxd4 Nc5 10.e4 Re8 11.Re1 a5 12.Bf4 Nfd7 13.Be3 Ne5 14.Bf1 Bd7 15.f4 Nc6
16.Bf2 h5 17.h4 Nxd4 18.Bxd4 Bc6 19.Bxg7 Kxg7 20.Qd4+ f6 21.b3 Qe7 22.Bg2 Kh7
23.Re2 Qg7 24.Rae1 Re7 25.Re3 Rae8 26.Nd5 Bxd5 27.cxd5 f5 28.Qxg7+ Kxg7 29.e5 dxe5
30.fxe5 Nd7 31.e6 Nf6 32.Rd3 Rd8 33.Red1 Rd6 34.Rd4 Ng4 35.Bf3 Ne5 36.Kf2 Kf6
37.Bg2 Ng4+ 38.Ke2 c6 39.Ra4 b6 40.Rc4 cxd5 41.Bxd5 Ke5  0-1

[Event "LBV Open A 2012"]
[Site "Roosendaal NED"]
[Date "2012.08.19"]
[Round "6.9"]
[White "Swinkels,R"]
[Black "L'Ami,Alina"]
[Result "1/2-1/2"]
[WhiteElo "2482"]
[BlackElo "2372"]

1.d4 Nf6 2.c4 g6 3.g3 Bg7 4.Bg2 O-O 5.Nf3 d6 6.Nc3 c6 7.O-O Bf5 8.Ne1 Be6
9.b3 d5 10.c5 b6 11.Ba3 Ne4 12.Nxe4 dxe4 13.Bxe4 Bxd4 14.Rc1 bxc5 15.Nf3 Bh3
16.Re1 Qa5 17.Nxd4 cxd4 18.Bc5 Rd8 19.Qd3 e5 20.a4 Be6 21.b4 Qxa4 22.Ra1 Qb3
23.b5 Qxd3 24.exd3 Bd5 25.Bxd5 Rxd5 26.Rxa7 Rxa7 27.Bxa7 Rxb5 28.Bxb8 Rxb8
29.Rxe5 Rb3 30.Re8+ Kg7 31.Rc8 Rc3 32.h4 Kf6 33.Rc7 h5 34.Kf1 Rc2 35.Rd7 c5
36.Ke1 Ke6 37.Rc7 f6 38.Rc6+ Kf5 39.Rd6 g5 40.hxg5 fxg5 41.Kf1 h4 42.gxh4 gxh4
43.Rh6 Kg5 44.Rh8 Rd2 45.Rc8 h3 46.Rxc5+ Kg4 47.Rd5 h2 48.Kg2 Rxf2+ 49.Kxf2 h1=Q
50.Rxd4+ Kf5 51.Re4 Qd1 52.Ke3 Qa1 53.Ke2 Qb2+ 54.Ke3 Qc3 55.Ke2 Qc1 56.Rc4 Qb2+
57.Kd1 Ke6 58.Re4+ Kd5 59.Rc4 Qg2 60.Re4 Qf2 61.Rc4 Qe3 62.Rc2 Qg1+ 63.Ke2 Qg2+
64.Kd1 Qg6 65.Kd2 Qh6+ 66.Ke2 Qb6 67.Rc4 Ke5 68.Re4+ Kf5 69.Rc4 Qb2+ 70.Kd1 Qa2
71.Re4 Qb1+ 72.Kd2 Qb2+ 73.Kd1 Qc3 74.Ke2 Qc2+ 75.Ke3 Qd1 76.Rf4+ Ke5 77.Re4+ Kd5
78.Rd4+ Kc5 79.Rc4+ Kb5 80.Kd4 Qd2 81.Ke4 Qf2 82.Kd5 Qe3 83.Rd4 Qe7 84.Rc4 Qe3
85.Rd4 Qe2 86.Kd6 Qe8 87.Rd5+ Kb4 88.Rd4+ Kc3 89.Rd5 Qe3 90.Kd7 Kb4 91.Kd6 Qe8
92.Rd4+ Kb5 93.Rd5+ Kb6 94.Rd4 Qd8+ 95.Ke5 Qe7+ 96.Kd5 Kb5 97.Rc4 Qe3  1/2-1/2

[Event "LBV Open A 2012"]
[Site "Roosendaal NED"]
[Date "2012.08.19"]
[Round "6.19"]
[White "Haast,M"]
[Black "Kampman,T"]
[Result "1-0"]
[WhiteElo "2278"]
[BlackElo "2114"]

1.d4 g6 2.g3 Bg7 3.Bg2 Nf6 4.c4 O-O 5.Nf3 d6 6.O-O c6 7.Nc3 Nbd7 8.e4 Qc7
9.h3 e5 10.Be3 Rd8 11.Rc1 Nf8 12.Qd2 Ne6 13.Rfd1 c5 14.dxe5 dxe5 15.Nd5 Qb8
16.Bxc5 Rxd5 17.cxd5 Nxc5 18.Rxc5 Nxe4 19.Qe3 Nxc5 20.Qxc5 e4 21.Ng5 Qe5
22.Nxe4 Bxh3 23.Bxh3 Qxe4 24.d6 Bxb2 25.d7 Rd8 26.Qg5 f6 27.Qa5 Qe7 28.Re1 Be5
29.f4 Rxd7 30.fxe5 Rd3 31.Kh2 b6 32.Qb5 Rd2+ 33.Bg2 fxe5 34.Rxe5 Qf6 35.Qe8+ Qf8
36.Qc6 Qh6+ 37.Kg1 Rd1+ 38.Bf1 Qd2 39.Qc8+ Kf7 40.Qe8+ Kg7 41.Re7+ Kh6 42.Qf8+ Kg5
43.Re4 h5 44.Qe7+ Kh6 45.g4 Qc1 46.Qf8+ Kg5 47.gxh5 gxh5 48.Re5+ Kh4 49.Qf2+ Kg4
50.Qf5+ Kg3 51.Qh3+ Kf4 52.Rf5+ Ke4 53.Qf3+ Kd4 54.Rd5+  1-0

[Event "Husek Vienna Open A"]
[Site "Vienna AUT"]
[Date "2012.08.19"]
[Round "7"]
[White "Erdos,V"]
[Black "Kovalev,An"]
[Result "1-0"]
[WhiteElo "2645"]
[BlackElo "2470"]

1.d4 Nf6 2.c4 g6 3.Nf3 Bg7 4.g3 O-O 5.Bg2 d6 6.Nc3 Nc6 7.O-O Bf5 8.d5 Na5
9.Nd2 c5 10.e4 Bd7 11.Qc2 a6 12.b3 b5 13.Bb2 Rb8 14.Rab1 e5 15.Ne2 h5 16.h3 h4
17.g4 Bc8 18.b4 cxb4 19.c5 dxc5 20.Bxe5 Rb7 21.f4 c4 22.Rxb4 Re8 23.Kh1 Rxe5
24.fxe5 Nd7 25.e6 fxe6 26.Nf4 Ne5 27.Rbb1 Rf7 28.a4 b4 29.Rxb4 c3 30.Qxc3 Nec6
31.e5 Bxe5 32.Qe3 Nxb4 33.Qxe5 Qf6 34.Qb8 Qc3 35.Ne4 Qc7 36.Nf6+  1-0

[Event "11th Lichtenberger Sommer 2012"]
[Site "Berlin GER"]
[Date "2012.08.20"]
[Round "3.27"]
[White "Hansen,ReR"]
[Black "Niehaus,F"]
[Result "0-1"]
[WhiteElo "2047"]
[BlackElo "2208"]

1.d4 Nf6 2.c4 g6 3.Nf3 Bg7 4.g3 O-O 5.Bg2 d6 6.Nc3 Nbd7 7.O-O e5 8.e4 a6
9.Re1 exd4 10.Nxd4 Ng4 11.Qxg4 Bxd4 12.Qd1 Bg7 13.Qc2 Ne5 14.Nd5 c6 15.Ne3 Qc7
16.Bd2 b5 17.Rac1 Be6 18.b3 bxc4 19.bxc4 Rab8 20.h3 Rb2 21.Qd1 Rxa2 22.Bc3 Rb8
23.f4 Nxc4 24.Nxc4 Bxc4 25.Bxg7 Kxg7 26.Rxc4 Rbb2 27.Bf3 Rd2 28.Qb3 Qa7+
29.Re3 Qxe3+ 30.Qxe3 Ra1+  0-1

[Event "11th Lichtenberger Sommer 2012"]
[Site "Berlin GER"]
[Date "2012.08.20"]
[Round "3.15"]
[White "Burger,H"]
[Black "Siebarth,R"]
[Result "0-1"]
[WhiteElo "2138"]
[BlackElo "2240"]

1.d4 Nf6 2.c4 g6 3.Nf3 Bg7 4.g3 O-O 5.Bg2 d6 6.O-O c6 7.Nc3 Nbd7 8.h3 e5
9.Be3 e4 10.Nd2 d5 11.cxd5 cxd5 12.Qb3 Nb6 13.a4 a5 14.Rfc1 Bd7 15.Bf4 Bc6
16.Nb5 Ne8 17.Be3 Ra6 18.Qa3 Qd7 19.Rc5 Bf6 20.Bh6 Ng7 21.b3 Re8 22.Bxg7 Bxg7
23.Qc1 e3 24.Nf3 exf2+ 25.Kxf2 Bf8 26.Qf4 Re4 27.Qd2 Bxc5 28.dxc5 Nc8 29.Ng5 Re5
30.Nf3 Re8 31.Nfd4 Bxb5 32.axb5 Rf6+ 33.Kg1 Qc7 34.Qc3 b6 35.Nc6 Rfe6 36.Bxd5 Re3
37.Qf6 Qxg3+ 38.Bg2 Rxe2  0-1

[Event "12th ch-Euro Seniors"]
[Site "Kaunas LTU"]
[Date "2012.08.20"]
[Round "3.17"]
[White "Mochalov,E"]
[Black "Mortensen,S"]
[Result "1-0"]
[WhiteElo "2394"]
[BlackElo "2031"]

1.d4 Nf6 2.c4 g6 3.g3 Bg7 4.Bg2 d6 5.Nf3 O-O 6.Nc3 Nc6 7.h3 a6 8.Bg5 h6 9.Be3 Rb8
10.Rc1 Nd7 11.Qd2 Kh7 12.d5 Nce5 13.Nxe5 Nxe5 14.b3 c5 15.dxc6 Nxc6 16.O-O Qa5
17.Rfd1 Be6 18.Nd5 Qxd2 19.Rxd2 Rfc8 20.Nf4 Bd7 21.c5 Ne5 22.Rcd1 Bf8 23.cxd6 exd6
24.Nd5 Bc6 25.Ba7  1-0

[Event "11th Lichtenberger Sommer 2012"]
[Site "Berlin GER"]
[Date "2012.08.22"]
[Round "5.15"]
[White "Burger,H"]
[Black "Kurz,C"]
[Result "0-1"]
[WhiteElo "2138"]
[BlackElo "2200"]

1.d4 Nf6 2.c4 g6 3.Nf3 Bg7 4.g3 O-O 5.Bg2 d6 6.O-O Nbd7 7.Nc3 e5 8.h3 a6
9.e4 b5 10.cxb5 axb5 11.Re1 c6 12.b4 Re8 13.d5 cxd5 14.Nxd5 Nxd5 15.Qxd5 Nb6
16.Qd1 Be6 17.a3 h6 18.Nd2 Qd7 19.Kh2 Rec8 20.Bb2 Na4 21.Qb1 h5 22.Rc1 Bh6
23.Rxc8+ Rxc8 24.Nf1 h4 25.g4 Bf4+ 26.Kg1 Bb3 27.Ne3 Bxe3 28.fxe3 Qe6 29.Bf1 Rc2
30.Bxb5 Rxb2 31.Qe1 Qf6 32.Be2 Nc3 33.Qxc3 Rxe2 34.Rf1 Qe6 35.Qc7 Bc2 36.Qd8+ Kg7
37.g5 Bxe4 38.Rf6 Rg2+ 39.Kf1 Qc4+  0-1

[Event "12th World Uni Women"]
[Site "Guimaraes POR"]
[Date "2012.08.22"]
[Round "6.1"]
[White "Kashlinskaya,A"]
[Black "Zhang Xiaowen"]
[Result "1/2-1/2"]
[WhiteElo "2391"]
[BlackElo "2376"]

1.d4 Nf6 2.c4 g6 3.Nf3 Bg7 4.g3 O-O 5.Bg2 d6 6.Nc3 Nc6 7.O-O Bf5 8.b3 e5
9.dxe5 dxe5 10.Bb2 Re8 11.Qc1 Qc8 12.Rd1 Bh3 13.Nd5 Bxg2 14.Kxg2 Nh5 15.b4 Nd4
16.Nxd4 exd4 17.Bxd4 Bxd4 18.Rxd4 Rxe2 19.Qg5 f6 20.Nxf6+ Nxf6 21.Qxf6 Qf8
22.Qf4 Qxb4 23.Rad1 Rf8 24.Rd8 Qc5 25.Rxf8+ Qxf8 26.Qd4 Qd6 27.Qxd6 cxd6
28.Rxd6 Rxa2 29.Rd8+ Kg7 30.Rd7+ Kg8 31.Rxb7 a5 32.Ra7 Rc2 33.Rxa5 Rxc4 34.Ra7 h5
35.h3 Rb4 36.Kf3 Rc4 37.g4 hxg4+ 38.hxg4 Rb4 39.Kg3 Rc4 40.Kh4 Rf4 41.Ra2 Kg7
42.Kg5 Rf7 43.f4 Rb7 44.Ra6 Rb5+ 45.f5 gxf5 46.Ra7+ Kf8 47.gxf5 Rb6 48.f6 Rb1
49.Kg6  1/2-1/2

[Event "EY Boys U14 2012"]
[Site "Prague CZE"]
[Date "2012.08.22"]
[Round "6.22"]
[White "Vetrov,Gleb"]
[Black "Tomczak,Mikolaj"]
[Result "0-1"]
[WhiteElo "2043"]
[BlackElo "1901"]

1.d4 Nf6 2.c4 g6 3.Nf3 Bg7 4.g3 d6 5.Bg2 O-O 6.O-O c6 7.Nc3 Bf5 8.Ne1 Be6
9.b3 d5 10.Nd3 dxc4 11.Nf4 Qc8 12.Ba3 Re8 13.Rc1 cxb3 14.e4 Bc4 15.Nce2 Bxe2
16.Qxe2 e6 17.axb3 Na6 18.e5 Nd7 19.Bd6 Bf8 20.Nd3 Bxd6 21.exd6 Qb8 22.Nc5 Naxc5
23.dxc5 Nf6 24.Rc4 Qc8 25.Rh4 Qd7 26.f4 Nd5 27.Qd2 f5 28.g4 Nf6 29.g5 Nd5
30.Re1 b6 31.b4 a5 32.b5 bxc5 33.bxc6 Qxd6 34.c7 Qxc7 35.Bxd5 exd5 36.Qxd5+ Kg7
37.Rc1 Rac8 38.Rb1 Re7 39.Qc4 Qd6 40.Rc1 Rcc7 41.Kh1 Qc6+ 42.Kg1 Qf3 43.Rb1 Re2
44.Rxh7+ Kxh7 45.Qg8+ Kxg8 46.Rb8+ Kg7 47.Rg8+ Kxg8  0-1

[Event "27th Schwarzacher Open"]
[Site "Schwarzach AUT"]
[Date "2012.08.22"]
[Round "5.5"]
[White "Blechzin,I"]
[Black "Sevo,I"]
[Result "1-0"]
[WhiteElo "2446"]
[BlackElo "2230"]

1.d4 g6 2.Nf3 d6 3.g3 Bg7 4.c4 Nf6 5.Bg2 O-O 6.Nc3 Nc6 7.d5 Na5 8.b3 e6 9.O-O Bd7
10.Bb2 exd5 11.cxd5 b5 12.Nd4 b4 13.Nb1 Nb7 14.Nd2 Nc5 15.Qc2 Re8 16.h3 Rb8
17.e4 Qc8 18.Nc6 Bxc6 19.dxc6 Nfxe4 20.Nxe4 Bxb2 21.Nxd6 cxd6 22.Qxb2 Ne4
23.Qd4 f5 24.Rac1 Qe6 25.Rfd1 d5 26.c7 Rbc8 27.Qxb4 Re7 28.Qb7 Kg7 29.Qxa7 Qe5
30.Qb7 Rcxc7 31.Rxc7 Rxc7 32.Qxd5 Qxd5 33.Rxd5 Rc1+ 34.Kh2 Rc2 35.a4 Nxf2
36.a5 Ne4 37.b4 Ra2 38.Rd3 Kf6 39.Kg1 Ra1+ 40.Bf1 g5 41.Kg2 Ra2+ 42.Kg1 Ra1
43.Rf3 Nd2 44.Rf2 Ne4 45.Rg2 Ke5 46.a6 f4 47.gxf4+ gxf4 48.b5 f3 49.Rb2 Ng3
50.Kf2 Ne4+ 51.Kxf3 Rxf1+ 52.Kg2 Rf8 53.b6 Nc5 54.a7 Nb7 55.Rc2 h6 56.Rc7 Nd6
57.Rc2 Kf4 58.Rd2 Rg8+ 59.Kh2 Nb5 60.Rd5 Nxa7 61.bxa7 Kf3 62.Rb5 Ra8 63.Rb7 h5
64.Rf7+ Ke3 65.Kg3 Rg8+ 66.Kh4 Rh8 67.Rb7 Ra8 68.Kxh5 Rh8+ 69.Kg6 Rg8+ 70.Kf7 Ra8
71.Ke7  1-0

[Event "11th Lichtenberger Sommer 2012"]
[Site "Berlin GER"]
[Date "2012.08.23"]
[Round "6.11"]
[White "Heuser,P"]
[Black "Boetzer,D"]
[Result "0-1"]
[WhiteElo "2147"]
[BlackElo "2277"]

1.d4 Nf6 2.c4 d6 3.g3 g6 4.Bg2 Bg7 5.Nf3 O-O 6.Nc3 Nbd7 7.O-O e5 8.e4 c6
9.h3 exd4 10.Nxd4 Qb6 11.Re1 Ne8 12.Nb3 a5 13.Be3 Qb4 14.Nd4 a4 15.a3 Qa5
16.f4 Nc5 17.Qc2 Nf6 18.Rad1 Re8 19.Bf2 Nfd7 20.Nf3 Nb6 21.Bf1 Be6 22.Nb1 Rad8
23.e5 dxe5 24.Rxd8 Rxd8 25.Nxe5 Nb3 26.Rd1 Re8 27.Qc3 Qxc3 28.Nxc3 Bxe5 29.Bxb6 Bxc3
30.bxc3 f6 31.Kf2 Kf7 32.g4 Re7 33.Be2 Rd7 34.Rxd7+ Bxd7 35.Ke3 Ke7 36.h4 f5
37.g5 c5 38.h5 Kd6 39.hxg6 hxg6 40.Bf3 Bc6 41.Be2 Be4 42.Bf1 Na1 43.Bd3 Bxd3
44.Kxd3 Kc6 45.Bd8 Nb3 46.Be7 Na5 47.Bd8 b6 48.Be7 b5 49.cxb5+ Kxb5  0-1

[Event "EY Girls U18 2012"]
[Site "Prague CZE"]
[Date "2012.08.23"]
[Round "7.6"]
[White "Severina,M"]
[Black "Iwanow,A"]
[Result "1-0"]
[WhiteElo "2147"]
[BlackElo "2205"]

1.Nf3 Nf6 2.c4 g6 3.d4 Bg7 4.g3 O-O 5.Bg2 d6 6.O-O Nc6 7.Nc3 Bg4 8.h3 Bxf3
9.Bxf3 Nd7 10.e3 e5 11.d5 Ne7 12.e4 f5 13.Bg2 Nf6 14.f3 Qd7 15.Qa4 Qc8 16.b4 Nd7
17.c5 Rf7 18.Qb5 f4 19.g4 Bf6 20.Qc4 a6 21.Bd2 Qb8 22.Be1 h5 23.Bf2 hxg4
24.hxg4 Rh7 25.Rfc1 Bh4 26.a4 Kg7 27.a5 Bxf2+ 28.Kxf2 Qa7 29.Na4 g5 30.b5 axb5
31.Qxb5 Nf6 32.Nb2 Ng6 33.Nd3 Rh2 34.Rh1 Rxh1 35.Bxh1 Nh4 36.Bg2 Nxg2 37.Kxg2 b6
38.cxb6 cxb6 39.a6 Rc8 40.Nb4 Rc5 41.Nc6 Qc7 42.Qxc5 bxc5 43.a7 Qb6 44.a8=Q Qb2+
45.Kg1 Qe2 46.Ra7+ Kg6 47.Ne7+ Kh6 48.Nf5+ Kg6 49.Rg7+  1-0

[Event "EY Boys U16 2012"]
[Site "Prague CZE"]
[Date "2012.08.23"]
[Round "7.35"]
[White "Basso,Pier Luigi"]
[Black "Walek,Petr"]
[Result "1-0"]
[WhiteElo "2167"]
[BlackElo "1952"]

1.d4 Nf6 2.g3 g6 3.Bg2 Bg7 4.Nf3 O-O 5.c4 d6 6.Nc3 Nbd7 7.O-O e5 8.e4 exd4
9.Nxd4 a6 10.h3 h6 11.Be3 Rb8 12.Qd2 Kh7 13.Rad1 Re8 14.b4 c5 15.bxc5 Nxc5
16.Nc6 bxc6 17.Bxc5 Bxh3 18.Bxd6 Bxg2 19.Kxg2 Rb7 20.Rfe1 Qa5 21.e5 Ng4 22.Ne4 Qxd2
23.Rxd2 Bxe5 24.f3 Bxd6 25.fxg4 Bb4 26.Nf6+ Kg7 27.Nxe8+ Kf8 28.Rb2 Bxe1
29.Rxb7 Kxe8 30.Rc7 a5 31.Rxc6 Kd7 32.Rf6 Ke7 33.Rf3 Bb4 34.Rd3 Ke6 35.Kf3 f6
36.Rd5 Bc3 37.Ke4 Be1 38.c5 Bxg3 39.c6 f5+ 40.gxf5+ gxf5+ 41.Rxf5 Kd6 42.Rf6+ Kc5
43.Rxh6 Bc7 44.Kd3 Bb6 45.a4 Bc7 46.Ke4 Bb6 47.Rg6 Bc7 48.Kf3 Bb6 49.Kg4 Bc7
50.Kh5 Bb6 51.Kh6 Kb4 52.Rg7 Kxa4 53.Rb7 Bd8 54.Kg6 Ka3 55.Kf7 a4 56.Ke8 Ba5
57.Kd7 Ka2 58.Ra7  1-0

[Event "11th Lichtenberger Sommer 2012"]
[Site "Berlin GER"]
[Date "2012.08.24"]
[Round "7.52"]
[White "Hansen,ReR"]
[Black "Rehder,F"]
[Result "1-0"]
[WhiteElo "2047"]
[BlackElo "1879"]

1.d4 Nf6 2.c4 g6 3.Nf3 d6 4.g3 Bg7 5.Bg2 O-O 6.Nc3 Nbd7 7.O-O e5 8.e4 Re8
9.d5 Nc5 10.Qc2 a5 11.b3 h6 12.Bb2 Bg4 13.a3 Qd7 14.b4 axb4 15.axb4 Na6 16.Qb3 Bh3
17.Rfe1 Bxg2 18.Kxg2 Nh5 19.Na4 Rac8 20.b5 Nc5 21.Nxc5 dxc5 22.Rad1 b6 23.h3 g5
24.Nh2 Qd6 25.Ng4 Qg6 26.Qf3 Rcd8 27.Ne3 Bf8 28.Ra1 Ng7 29.Ng4 Bd6 30.Nf6+ Kh8
31.Nxe8 Rxe8 32.Ra7 f5 33.exf5 Nxf5 34.Qe4 Qf6 35.Ra3 Kg8 36.Rf3 Rf8 37.Kg1  1-0